Kursus memahami pasaran harta tanah : 9 - 11 Mac 2015

Bibliographic Details
Corporate Authors: Kursus memahami pasaran harta tanah, INSPEN ( Institut Penilaian Negara )
Format: Book
Language:Malay
Published: Bangi : Institut Penilaian Negara , 2015
Subjects:

MARC

LEADER 00000cam a2200000 7i4500
001 0000026884
005 20160517.0
008 160513 my a may
040 |a INS 
090 0 0 |a LPH13 
110 1 |a Kursus memahami pasaran harta tanah ,   |d 2015 9 - 11 Mac   |c INSPEN, Bangi 
245 0 0 |a Kursus memahami pasaran harta tanah :   |b 9 - 11 Mac 2015   |c Anjuran Pusat Penilaian dan Perkhidmatan Harta, INSPEN 
260 |a Bangi :   |b Institut Penilaian Negara ,   |c 2015 
300 |a 1v. (Various pagings) :   |b ill. ;   |c 30 cm. 
650 0 |a Property   |x Periodicals   |z Malaysia 
650 0 |a Real estate busines   |x Periodicals   |z Malaysia 
710 1 |a INSPEN ( Institut Penilaian Negara ) 
999 |a LPH0000032   |b BOOK   |c Course Notes   |e Default branch 
999 |a LPH0000033   |b BOOK   |c Course Notes   |e Default branch 
999 |a LPH0000034   |b BOOK   |c Course Notes   |e Default branch